000 00524cam a2200193ua 4500
001 8514
008 150205n ii |||gr||||Z||||||eng
040 _cMAIN
041 _aeng
082 _a820
100 _aFord, B.,
_eEditor.
245 1 _aNew Pelican guide to english literature :
_bVol II /
_cEdited by Boris Ford .
250 _a1st. /
_bAge of Shakespeare.
260 _aLondon:
_bPenguin,
_c1982.
300 _a592p.
653 _aEnglish.& Old English literatures
653 _aEnglish literature
942 _cBK
999 _c7615
_d7615